00614nam a2200205 a 450000100060000000300080000600500170001400800410003103500190007204000270009104100080011808200250012610000380015124500580018926000340024730000380028149000350031950000180035465000360037256093BD-RjUL20211209080343.0161126s1952 enk 001 0 eng  a(BD-RjUL)56217 aDLCcOAkdBD-RjULbeng aeng a822.33223bSHC 19521 aShakespeare, William,d1564-1616.14aThe comedies of Shakespeare /cWilliam, Shakespeare,  aLondon :bGeoffrey cum.c1952 axxxviii, 1128 p :bill. ;c19 cm.0 aThe Illustrated modern library aInclude index aShakespeare, William, 1564-1616